7 Major Christian Denominations - Statistics

General Stats
  • This quiz has been taken 103 times
  • The average score is 3 of 7
Answer Stats
Followers(M) Answer % Correct
1300 Catholic
99%
920 Protestant
85%
850 Eastern Orthodox
57%
86 Oriental Orthodox
28%
18 Nondenominational
11%
85 Anglicanism
8%
35 Restorationism
1%
No matching quizzes found
Score Distribution
Percent of People with Each Score
Percentile by Number Answered
Your Score History
You have not taken this quiz